000 00286nam a2200097Ia 4500
008 241105s9999 xx 000 0 und d
041 _aeng
100 _aGunaji Aditi
_9182616
245 _aSos Village For Destitute Children At Dongarwadi Pune
260 _bFinal Year B.Arch ID, Pune
_c2014
999 _c360907
_d360907